Amanat Menteri Penerangan Dr. F.L. Tobing dan uraian Sekretaris Djenderal Kempen Harjoto tentang beberapa aspek mengenai persoalan pelaksanaan politik luar negeri Indonesia jang bebas dan aktif menudju perdamaian berdasarkan kepentingan nasional, Pada pembukaan Latihan Praktek Pendidikan Pegawai Staf Kempen di Tugu tanggal 30 Djanuari 1955. (Record no. 61374)
[ view plain ]
| 000 -LEADER | |
|---|---|
| fixed length control field | 00961cam a22002411 4500 |
| 001 - CONTROL NUMBER | |
| control field | sa 65000089 |
| 003 - CONTROL NUMBER IDENTIFIER | |
| control field | DLC |
| 005 - DATE AND TIME OF LATEST TRANSACTION | |
| control field | 20260227112100.0 |
| 008 - FIXED-LENGTH DATA ELEMENTS--GENERAL INFORMATION | |
| fixed length control field | 810921s1955 io 00010 ind |
| 010 ## - LIBRARY OF CONGRESS CONTROL NUMBER | |
| LC control number | sa 65000089 //r942 |
| 025 ## - OVERSEAS ACQUISITION NUMBER | |
| Overseas acquisition number | PL480:Indo-911 |
| 040 ## - CATALOGING SOURCE | |
| Original cataloging agency | DLC |
| Transcribing agency | DLC |
| Modifying agency | DLC |
| 043 ## - GEOGRAPHIC AREA CODE | |
| Geographic area code | a-io--- |
| 050 00 - LIBRARY OF CONGRESS CALL NUMBER | |
| Classification number | DS638 |
| Item number | .T6 |
| 082 00 - DEWEY DECIMAL CLASSIFICATION NUMBER | |
| Classification number | 327.598 |
| Edition number | 19 |
| 100 10 - MAIN ENTRY--PERSONAL NAME | |
| Personal name | Tobing, F. L., |
| Dates associated with a name | 1899-1962. |
| 245 00 - TITLE STATEMENT | |
| Title | Amanat Menteri Penerangan Dr. F.L. Tobing dan uraian Sekretaris Djenderal Kempen Harjoto tentang beberapa aspek mengenai persoalan pelaksanaan politik luar negeri Indonesia jang bebas dan aktif menudju perdamaian berdasarkan kepentingan nasional, Pada pembukaan Latihan Praktek Pendidikan Pegawai Staf Kempen di Tugu tanggal 30 Djanuari 1955. |
| 260 0# - PUBLICATION, DISTRIBUTION, ETC. | |
| Place of publication, distribution, etc. | [Djakarta] |
| Name of publisher, distributor, etc. | Kementerian Penerangan |
| Date of publication, distribution, etc. | [1955] |
| 300 ## - PHYSICAL DESCRIPTION | |
| Extent | 16, 3 p. |
| Dimensions | 34 cm. |
| 500 ## - GENERAL NOTE | |
| General note | Cover title. |
| 651 #0 - SUBJECT ADDED ENTRY--GEOGRAPHIC NAME | |
| Geographic name | Indonesia |
| General subdivision | Foreign relations. |
| 700 10 - ADDED ENTRY--PERSONAL NAME | |
| Personal name | Joedoatmodjo, Harjoto. |
No items available.